000
00255nam a22000977a 4500
008
231208b |||||||| |||| 00| 0 eng d
020
_a
9789355552686
100
_a
MTG
_9
7733
245
_a
MTG CUET (UG) Entrance Test-Languages
260
_a
New Delhi
_b
MTG
_c
2023
999
_c
12490
_d
12490